[Event "XVI C.to Mondiale seniores"]
[Site "Arvier ITA"]
[Date "2006.09.20"]
[Round "9"]
[White "Buxade Roca, Guillermo"]
[Black "Loktiev, Ivan"]
[Result "1/2-1/2"]
[WhiteElo "2202"]
[BlackElo "2383"]
[PlyCount "57"]
[EventDate "2006.09.11"]

1. c4 g6 2. Nc3 Bg7 3. g3 Nf6 4. Bg2 d6 5. d3 O-O 6. f4 c6 7. Nf3 Nbd7 8. O-O
e5 9. Kh1 Nh5 10. e4 Nc5 11. f5 gxf5 12. Nh4 Nf4 13. Nxf5 Bxf5 14. gxf4 Bd7 15.
f5 f6 16. Rf3 Be8 17. Rg3 Rf7 18. Bf3 Rc8 19. Qe2 Kh8 20. b4 Na6 21. a3 Bf8 22.
Be3 Rg7 23. Rag1 Rxg3 24. Rxg3 Rc7 25. Bxa7 Rg7 26. Rxg7 Bxg7 27. Be3 Bf7 28.
Qf2 Qa8 29. Qb2 1/2-1/2

[Event "XVI C.to Mondiale seniores"]
[Site "Arvier ITA"]
[Date "2006.09.20"]
[Round "9"]
[White "Donchenko, Anatoly G."]
[Black "Boey, Josef Martin"]
[Result "1-0"]
[WhiteElo "2405"]
[BlackElo "2277"]
[PlyCount "69"]
[EventDate "2006.09.11"]

1. d4 d5 2. Nf3 Nc6 3. e3 Bg4 4. c4 e5 5. Qb3 Bxf3 6. gxf3 Bb4+ 7. Bd2 Bxd2+ 8.
Nxd2 exd4 9. cxd5 dxe3 10. fxe3 Nce7 11. e4 Nf6 12. Qxb7 O-O 13. Rc1 Nh5 14.
Kd1 Ng6 15. Qxc7 Qf6 16. Rc3 Ne5 17. Kc2 g6 18. Bb5 a6 19. Bc6 Rac8 20. Qb6 Nf4
21. Re1 Rb8 22. Qd4 Rxb2+ 23. Kxb2 Ned3+ 24. Rxd3 Nxd3+ 25. Kc3 Qxd4+ 26. Kxd4
Nxe1 27. e5 Rd8 28. d6 f6 29. f4 g5 30. Nc4 Nc2+ 31. Kc3 Ne3 32. e6 Rxd6 33.
Nxd6 Kf8 34. Nc8 Nf5 35. Kd3 1-0

[Event "XVI C.to Mondiale seniores"]
[Site "Arvier ITA"]
[Date "2006.09.20"]
[Round "9"]
[White "Frumson, Yury"]
[Black "Gutzeit, Avraham"]
[Result "1/2-1/2"]
[WhiteElo "2317"]
[BlackElo "2079"]
[PlyCount "93"]
[EventDate "2006.09.11"]

1. Nf3 Nf6 2. c4 g6 3. Nc3 Bg7 4. g3 O-O 5. Bg2 d6 6. d4 Nbd7 7. O-O e5 8. Qc2
Re8 9. Rd1 c6 10. d5 c5 11. e4 a6 12. a3 Nb6 13. b3 Nh5 14. Qe2 f5 15. Ng5 Nf4
16. gxf4 exf4 17. Ne6 Bxe6 18. dxe6 Bxc3 19. Bb2 Bxb2 20. Qxb2 fxe4 21. Bxe4
Rxe6 22. f3 Qe7 23. Rd3 Rf8 24. Rad1 g5 25. a4 Rff6 26. Qd2 Kf8 27. a5 Nd7 28.
Rc3 g4 29. Rf1 gxf3 30. Bxf3 Re3 31. Bxb7 Re2 32. Qd1 Qe5 33. Rh3 f3 34. Bxf3
Qe3+ 35. Kh1 Rd2 36. Qe1 Qd4 37. Rxh7 Ne5 38. Bd5 Rxf1+ 39. Qxf1+ Rf2 40. Qg1
Ng6 41. Rh3 Qf4 42. Qxg6 Rf1+ 43. Qg1 Rxg1+ 44. Kxg1 Qc1+ 45. Kg2 Qb2+ 46. Kg1
Qc1+ 47. Kg2 1/2-1/2

[Event "XVI C.to Mondiale seniores"]
[Site "Arvier ITA"]
[Date "2006.09.20"]
[Round "9"]
[White "Hocevar, Nikola"]
[Black "Speijer, Nico Bram"]
[Result "1/2-1/2"]
[WhiteElo "2090"]
[BlackElo "2201"]
[PlyCount "33"]
[EventDate "2006.09.11"]

1. c4 Nf6 2. Nc3 g6 3. g3 Bg7 4. Bg2 O-O 5. d4 d6 6. e3 Nbd7 7. Nge2 e5 8. O-O
Re8 9. b3 Ng4 10. Bb2 f5 11. Qd2 Ngf6 12. dxe5 dxe5 13. e4 fxe4 14. Rad1 Qe7
15. Nxe4 Nxe4 16. Bxe4 Nf6 17. Bg2 1/2-1/2

[Event "XVI C.to Mondiale seniores"]
[Site "Arvier ITA"]
[Date "2006.09.20"]
[Round "9"]
[White "Hvenekilde, Jorgen"]
[Black "Kristiansen, Erling"]
[Result "1/2-1/2"]
[WhiteElo "2181"]
[BlackElo "2236"]
[PlyCount "26"]
[EventDate "2006.09.11"]

1. d4 Nf6 2. c4 e6 3. Nc3 Bb4 4. e3 O-O 5. Nge2 d5 6. a3 Be7 7. Nf4 b6 8. cxd5
exd5 9. b4 c6 10. Bd3 Bb7 11. O-O Nbd7 12. Re1 a5 13. b5 c5 1/2-1/2

[Event "XVI C.to Mondiale seniores"]
[Site "Arvier ITA"]
[Date "2006.09.20"]
[Round "9"]
[White "Jansa, Vlastimil"]
[Black "Kaminik, Aleksandar"]
[Result "1-0"]
[WhiteElo "2482"]
[BlackElo "2226"]
[PlyCount "87"]
[EventDate "2006.09.11"]

1. Nf3 Nf6 2. g3 g6 3. b3 Bg7 4. Bb2 O-O 5. Bg2 d6 6. d4 Nbd7 7. O-O e5 8. dxe5
Ng4 9. c4 dxe5 10. h3 Nh6 11. e4 f6 12. Qc2 Re8 13. c5 c6 14. Nbd2 Qe7 15. b4
Nf8 16. Nc4 Be6 17. Nfd2 Nf7 18. f4 Qd7 19. f5 gxf5 20. exf5 Bd5 21. Ne4 Bxe4
22. Bxe4 Red8 23. h4 Qe7 24. Rf2 Bh6 25. Re1 Qc7 26. Qe2 Rd7 27. Bc2 Rad8 28.
Bc3 b5 29. Ne3 Kh8 30. Be4 Rd4 31. Qf3 Nd7 32. Ng4 Rg8 33. Kh1 Rc4 34. Nxh6
Nxh6 35. Rd2 Ng4 36. a3 Nb8 37. Bb2 Qg7 38. Bd3 Rd8 39. Rde2 Rcd4 40. Bxd4 Rxd4
41. Be4 Nh6 42. Bxc6 Nxf5 43. Qxf5 Qxg3 44. Qxf6+ 1-0

[Event "XVI C.to Mondiale seniores"]
[Site "Arvier ITA"]
[Date "2006.09.20"]
[Round "9"]
[White "Karasev, Vladimir I."]
[Black "Etmans, Maarten D."]
[Result "1/2-1/2"]
[WhiteElo "2379"]
[BlackElo "2159"]
[PlyCount "98"]
[EventDate "2006.09.11"]

1. c4 e5 2. Nc3 Bb4 3. g3 Nf6 4. Bg2 O-O 5. Nh3 Bxc3 6. dxc3 d6 7. Ng5 Nc6 8.
Qc2 Ne7 9. e4 Ne8 10. Qe2 f6 11. Nf3 f5 12. exf5 Nxf5 13. c5 Nf6 14. cxd6 cxd6
15. O-O Qe8 16. Bg5 Qh5 17. Bxf6 Rxf6 18. Qc4+ Be6 19. Qe4 Nh6 20. h4 Nf7 21.
Qxb7 Rf8 22. Nd2 d5 23. Bxd5 Bxd5 24. Qxd5 Rd8 25. Qb5 Rb6 26. Qa4 Rxb2 27. Ne4
Qf5 28. Rad1 Rf8 29. Qc4 Kh8 30. Rd2 Rxd2 31. Nxd2 Nd6 32. Qd5 Qf6 33. c4 Nf5
34. Ne4 Qg6 35. Kh2 h6 36. Nd2 Qf6 37. Nf3 Nd4 38. Nxd4 exd4 39. Kg2 Rd8 40.
Qb7 d3 41. c5 d2 42. Rd1 Qd4 43. Qe7 Qd5+ 44. Kg1 Kh7 45. Qe2 Qxc5 46. Qe4+ Kh8
47. Kg2 Qc1 48. Qe2 Qc2 49. a3 a5 1/2-1/2

[Event "XVI C.to Mondiale seniores"]
[Site "Arvier ITA"]
[Date "2006.09.20"]
[Round "9"]
[White "Karl, Hans"]
[Black "Taksrud, Vidar"]
[Result "1-0"]
[WhiteElo "2240"]
[BlackElo "2120"]
[PlyCount "45"]
[EventDate "2006.09.11"]

1. d4 d5 2. c4 c6 3. Nf3 Nf6 4. Nc3 e6 5. Bg5 Nbd7 6. e3 Qa5 7. Nd2 Bb4 8. Qc2
Ne4 9. Ndxe4 dxe4 10. Bh4 e5 11. Be2 O-O 12. O-O f5 13. f3 exf3 14. Rxf3 Nf6
15. Bxf6 Rxf6 16. c5 Bxc3 17. Bc4+ Be6 18. Bxe6+ Rxe6 19. bxc3 exd4 20. exd4 g6
21. Qb3 Rae8 22. Re3 Kf7 23. Rxe6 1-0

[Event "XVI C.to Mondiale seniores"]
[Site "Arvier ITA"]
[Date "2006.09.20"]
[Round "9"]
[White "Keserovic, Milan"]
[Black "Andersson, Kaj"]
[Result "1/2-1/2"]
[WhiteElo "2230"]
[BlackElo "2138"]
[PlyCount "90"]
[EventDate "2006.09.11"]

1. e4 c5 2. Nf3 d6 3. c3 g6 4. d4 Nd7 5. Bc4 e6 6. O-O Qc7 7. Qe2 Bg7 8. Bf4
Nb6 9. Na3 a6 10. Rfd1 cxd4 11. cxd4 Ne7 12. Rac1 Qd8 13. Bb3 O-O 14. h4 Nc6
15. h5 d5 16. Ne5 Bd7 17. Qe3 Rc8 18. hxg6 hxg6 19. Ng4 Qh4 20. Ne5 Nxe5 21.
Rxc8 Rxc8 22. dxe5 Bc6 23. Bg3 Qd8 24. Nc4 Nxc4 25. Bxc4 Bd7 26. Bb3 dxe4 27.
Qd4 Rc7 28. Qxe4 Qc8 29. Kh2 Bc6 30. Qf4 Rd7 31. Rc1 Qb8 32. Rc5 Qd8 33. Bc2
Qb6 34. b4 Qd8 35. a3 Rd4 36. Qe3 Bf8 37. Rc3 Kg7 38. Rd3 Rxd3 39. Bxd3 Qd5 40.
Bf1 a5 41. Bh4 axb4 42. axb4 Kg8 43. Bf6 Bg7 44. Qc3 Qd1 45. Qc4 Qd5 1/2-1/2

[Event "XVI C.to Mondiale seniores"]
[Site "Arvier ITA"]
[Date "2006.09.20"]
[Round "9"]
[White "Klovans, Janis"]
[Black "Jakobsen, Ole"]
[Result "1/2-1/2"]
[WhiteElo "2433"]
[BlackElo "2387"]
[PlyCount "59"]
[EventDate "2006.09.11"]

1. e4 c5 2. Nf3 a6 3. c3 e6 4. d4 d5 5. e5 Bd7 6. Be2 cxd4 7. Nxd4 Ne7 8. f4
Nbc6 9. Be3 Nxd4 10. cxd4 Qb6 11. Qd2 Bb5 12. Bxb5+ axb5 13. O-O h5 14. Nc3 b4
15. Ne2 Nf5 16. Bf2 Be7 17. Rfc1 Kd7 18. b3 Rhc8 19. Rxc8 Rxc8 20. Rc1 Rxc1+
21. Nxc1 g6 22. g3 Qc6 23. Ne2 Ng7 24. Kf1 Ne8 25. Nc1 Nc7 26. Nd3 Qa6 27. Ke1
Qa3 28. Qb2 Qa6 29. Qd2 Qa3 30. Qb2 1/2-1/2

[Event "XVI C.to Mondiale seniores"]
[Site "Arvier ITA"]
[Date "2006.09.20"]
[Round "9"]
[White "Klundt, Klaus"]
[Black "Plachetka, Jan"]
[Result "1/2-1/2"]
[WhiteElo "2380"]
[BlackElo "2427"]
[PlyCount "124"]
[EventDate "2006.09.11"]

1. e4 e5 2. Nf3 Nc6 3. Bb5 a6 4. Ba4 Nf6 5. O-O Be7 6. Re1 b5 7. Bb3 O-O 8. c3
d5 9. d4 Nxe4 10. dxe5 Be6 11. Nbd2 Nc5 12. Bc2 Bg4 13. h3 Bh5 14. Nf1 Qd7 15.
Ng3 Bg6 16. Nd4 Bxc2 17. Qxc2 Nxd4 18. cxd4 Ne6 19. Be3 c5 20. dxc5 d4 21. Rad1
Bxc5 22. Ne4 Bb6 23. Ng5 Nxg5 24. Bxg5 Rac8 25. Qd3 Qe6 26. a3 h6 27. Bd2 Rfd8
28. Re4 Rc6 29. Rde1 Qc4 30. Qf3 Qd5 31. e6 Rxe6 32. Rxe6 fxe6 33. Qxd5 exd5
34. Re6 Bc7 35. Kf1 Bd6 36. f4 d3 37. b4 Kf7 38. f5 d4 39. Kf2 a5 40. Kf3 axb4
41. axb4 Be7 42. Ke4 Ra8 43. Rb6 Ra3 44. Kxd4 Bg5 45. Bxg5 hxg5 46. Rd6 Ke7 47.
Rd5 Ra2 48. Kc5 Rxg2 49. Rxd3 Kf6 50. Rf3 Ke5 51. Kxb5 Ke4 52. f6 gxf6 53. Rxf6
Rh2 54. Rh6 Kf4 55. Rh5 Kf5 56. Rh8 Kg6 57. Rg8+ Kh5 58. Rh8+ Kg6 59. Kc6 Kg7
60. Rd8 Rxh3 61. b5 Rc3+ 62. Kb7 g4 1/2-1/2

[Event "XVI C.to Mondiale seniores"]
[Site "Arvier ITA"]
[Date "2006.09.20"]
[Round "9"]
[White "Ljubarskij, Juri"]
[Black "Bukal, Vladimir sr"]
[Result "0-1"]
[WhiteElo "2341"]
[BlackElo "2414"]
[PlyCount "86"]
[EventDate "2006.09.11"]

1. e4 e6 2. d4 d5 3. Nd2 Nf6 4. e5 Nfd7 5. Bd3 c5 6. c3 Nc6 7. Ndf3 a5 8. Ne2
a4 9. O-O h6 10. a3 Nb6 11. Be3 cxd4 12. cxd4 Na5 13. Nc3 Bd7 14. Nd2 Bc6 15.
Qg4 Qd7 16. h4 Nc8 17. h5 b5 18. f4 Ne7 19. f5 Nxf5 20. Bxf5 exf5 21. Rxf5 Qe6
22. Qf3 b4 23. axb4 Bxb4 24. Rf1 Ra7 25. Qg3 Bf8 26. R5f2 Rb7 27. Ne2 Bb5 28.
Nf4 Qc6 29. Re1 Nc4 30. Nxc4 Bxc4 31. e6 f6 32. Ng6 Rg8 33. Nh4 Bd3 34. Bxh6
Be4 35. Rxf6 Qd6 36. Bf4 gxf6 37. Bxd6 Rxg3 38. Bxg3 Rxb2 39. Ra1 a3 40. Kh2 a2
41. Bf4 Bb4 42. h6 Bc3 43. Rc1 Rc2 0-1

[Event "XVI C.to Mondiale seniores"]
[Site "Arvier ITA"]
[Date "2006.09.20"]
[Round "9"]
[White "Malmdin, Nils Ake"]
[Black "Kock, Hans-Uwe"]
[Result "1-0"]
[WhiteElo "2218"]
[BlackElo "2130"]
[PlyCount "75"]
[EventDate "2006.09.11"]

1. Nf3 Nf6 2. d4 g6 3. Bf4 Bg7 4. Nc3 d6 5. e4 c6 6. Qd2 Na6 7. h3 h6 8. a3 Nc7
9. g4 g5 10. Bg3 d5 11. Bd3 dxe4 12. Nxe4 Nxe4 13. Bxe4 Be6 14. O-O-O Bd5 15.
Rhe1 Ne6 16. Qe2 Bxe4 17. Qxe4 Qd5 18. Qf5 Qxf5 19. gxf5 Nd8 20. c4 e6 21. d5
cxd5 22. cxd5 O-O 23. Bd6 Re8 24. Kb1 b6 25. Bc7 Rc8 26. d6 Rf8 27. Rc1 exf5
28. d7 Rxc7 29. Rxc7 Ne6 30. Rc8 Bf6 31. b4 Kg7 32. Re8 g4 33. hxg4 fxg4 34.
Ne5 h5 35. Nc6 h4 36. Re4 h3 37. Rxg4+ Kh6 38. Rg3 1-0

[Event "XVI C.to Mondiale seniores"]
[Site "Arvier ITA"]
[Date "2006.09.20"]
[Round "9"]
[White "Manukyan, Aleksan"]
[Black "Chernikov, Oleg L."]
[Result "0-1"]
[WhiteElo "2195"]
[BlackElo "2422"]
[PlyCount "134"]
[EventDate "2006.09.11"]

1. d4 d5 2. c4 e6 3. Nf3 c6 4. e3 Bd6 5. Nc3 f5 6. g3 Nd7 7. b3 Ngf6 8. Bb2 O-O
9. c5 Bc7 10. Ng5 Qe7 11. f4 Ng4 12. Qe2 e5 13. h3 Nh6 14. Nf3 e4 15. Nd2 b6
16. b4 a5 17. a3 Kh8 18. Qf2 Nf6 19. Be2 Ba6 20. Bxa6 Rxa6 21. Qe2 b5 22. Nb3
Qd7 23. Kd2 Nf7 24. Rag1 g5 25. Kc2 Rg8 26. Nd2 Nd8 27. Qf2 Ne6 28. Ne2 gxf4
29. gxf4 Raa8 30. Qh4 Qf7 31. Bc3 a4 32. Nf1 Nh5 33. Qf2 Rg6 34. Nfg3 Nxg3 35.
Rxg3 Rag8 36. Rhg1 Bd8 37. Be1 R8g7 38. Qh2 Bf6 39. Bf2 Rh6 40. Kd2 Qh5 41.
R1g2 Rgg6 42. Qg1 Rg7 43. Qh2 Rhg6 44. Qg1 Kg8 45. Qh2 Kf7 46. Qg1 Rg8 47. Qf1
Qh6 48. Qg1 Ng7 49. Qh2 Nh5 50. Rxg6 hxg6 51. Qg1 Ng7 52. h4 Nh5 53. Qh2 Be7
54. Ng3 Nf6 55. Qh3 Rh8 56. Ne2 Qh5 57. Rg5 Qf3 58. Qxf3 exf3 59. Ng1 Ne4+ 60.
Ke1 Bxg5 61. fxg5 Nxf2 62. Kxf2 Rxh4 63. Nxf3 Rh1 64. Ne5+ Ke6 65. Nxc6 Ra1 66.
Na7 Rxa3 67. Nxb5 Rb3 0-1

[Event "XVI C.to Mondiale seniores"]
[Site "Arvier ITA"]
[Date "2006.09.20"]
[Round "9"]
[White "Neudel, Bernd"]
[Black "Thieme, Hans"]
[Result "1/2-1/2"]
[WhiteElo "1969"]
[BlackElo "2053"]
[PlyCount "52"]
[EventDate "2006.09.11"]

1. d4 Nf6 2. Nf3 c5 3. e3 e6 4. c4 a6 5. a3 Qc7 6. dxc5 Bxc5 7. b4 Be7 8. Bb2
b6 9. Nbd2 Bb7 10. g3 d6 11. Bg2 Nbd7 12. O-O O-O 13. Rc1 Rad8 14. Qc2 Qb8 15.
Rfe1 Qa8 16. e4 Rc8 17. Qb1 Ne8 18. Nd4 Bf6 19. f3 b5 20. Kh1 bxc4 21. Rxc4
Rxc4 22. Nxc4 Qa7 23. Na5 Bxd4 24. Bxd4 Qxd4 25. Nxb7 Qb6 26. Na5 Nef6 1/2-1/2

[Event "XVI C.to Mondiale seniores"]
[Site "Arvier ITA"]
[Date "2006.09.20"]
[Round "9"]
[White "Schwertel, Johann"]
[Black "Haug, Sverre"]
[Result "0-1"]
[WhiteElo "2063"]
[BlackElo "1946"]
[PlyCount "106"]
[EventDate "2006.09.11"]

1. d4 Nf6 2. Nf3 e6 3. Bg5 h6 4. Bh4 d5 5. e3 b6 6. c3 Bb7 7. Ne5 Be7 8. Nd2
O-O 9. Bd3 c5 10. Rc1 Nbd7 11. Ndf3 Ne4 12. Nxd7 Qxd7 13. Ne5 Qd8 14. Bxe7 Qxe7
15. O-O Rac8 16. Qe2 Rc7 17. Rcd1 Rfc8 18. f3 Nd6 19. Rf2 f5 20. f4 Ne4 21. Rf3
Qf6 22. Rh3 cxd4 23. exd4 Kf8 24. Bb5 Ke7 25. Qh5 a6 26. Be2 b5 27. a3 Bc6 28.
g4 Be8 29. Qh4 Qxh4 30. Rxh4 a5 31. gxf5 exf5 32. Nd3 Rc6 33. Rh3 Kd6 34. Re3
R6c7 35. Bf3 g5 36. fxg5 hxg5 37. Bxe4 fxe4 38. Nc5 Bh5 39. Rf1 Rf7 40. Rxf7
Bxf7 41. Nb7+ Ke6 42. Nxa5 Bh5 43. Rh3 Rh8 44. Rg3 Kf5 45. Nb3 Bf3 46. Nc5 g4
47. b3 Kf4 48. Ne6+ Ke3 49. Nc7 Rh5 50. Nxb5 Kd2 51. c4 e3 52. h3 e2 53. Nc3
e1=Q+ 0-1

[Event "XVI C.to Mondiale seniores"]
[Site "Arvier ITA"]
[Date "2006.09.20"]
[Round "9"]
[White "Siegmund, Rainer"]
[Black "Westerinen, Heikki M.J."]
[Result "0-1"]
[WhiteElo "2154"]
[BlackElo "2378"]
[PlyCount "70"]
[EventDate "2006.09.11"]

1. d4 e6 2. c4 c5 3. d5 exd5 4. cxd5 d6 5. Nc3 Ne7 6. e4 Ng6 7. Nf3 Be7 8. h3
a6 9. a4 Nd7 10. Be2 Bf6 11. O-O O-O 12. Re1 Nde5 13. Be3 Nxf3+ 14. Bxf3 Be5
15. Bg4 f5 16. Bxf5 Bxf5 17. exf5 Rxf5 18. Qg4 Qd7 19. Ne4 Raf8 20. Ng5 h6 21.
Ne4 Qf7 22. Rad1 Kh7 23. Rd2 Nf4 24. Red1 Qe7 25. Rb1 c4 26. h4 Nd3 27. g3 Rf3
28. Kg2 Qf7 29. b3 b5 30. axb5 axb5 31. bxc4 bxc4 32. Rb5 Rxe3 33. fxe3 Qf1+
34. Kh2 Ne1 35. Ng5+ hxg5 0-1

[Event "XVI C.to Mondiale seniores"]
[Site "Arvier ITA"]
[Date "2006.09.20"]
[Round "9"]
[White "Spassov, Liuben D."]
[Black "Korchnoi, Viktor L."]
[Result "1/2-1/2"]
[WhiteElo "2387"]
[BlackElo "2600"]
[PlyCount "105"]
[EventDate "2006.09.11"]

1. d4 e6 2. c4 Nf6 3. Nf3 Bb4+ 4. Nbd2 b6 5. a3 Bxd2+ 6. Qxd2 Bb7 7. e3 d6 8.
Be2 a5 9. b3 Nbd7 10. O-O O-O 11. Bb2 Qe7 12. Rfd1 Rfd8 13. b4 axb4 14. axb4
Qe8 15. Qc2 Rxa1 16. Rxa1 Ra8 17. Qd1 h6 18. Rxa8 Qxa8 19. Qa1 Qxa1+ 20. Bxa1
Kf8 21. Nd2 Ke7 22. Bb2 g6 23. b5 Ne4 24. Nb3 f5 25. f3 Nef6 26. Kf2 e5 27. Nc1
e4 28. Nb3 Kf7 29. h3 c5 30. bxc6 Bxc6 31. Ba3 d5 32. Nd2 g5 33. fxe4 Nxe4+ 34.
Nxe4 fxe4 35. Bh5+ Kg7 36. cxd5 Bxd5 37. Bd6 Kf6 38. Bg4 Be6 39. Be2 Kg6 40.
Bc7 h5 41. Bb5 h4 42. Bd8 Nf6 43. Bxb6 Bd7 44. Bc4 Bc6 45. Be6 Bd5 46. Bc8 Bc4
47. Bd8 Nd5 48. Be6 Nxe3 49. Kxe3 Bxe6 50. Kxe4 Bf5+ 51. Kf3 Be6 52. Ke4 Bf5+
53. Kf3 1/2-1/2

[Event "XVI C.to Mondiale seniores"]
[Site "Arvier ITA"]
[Date "2006.09.20"]
[Round "9"]
[White "Vasiukov, Evgeni A."]
[Black "Sorokin, Valentin"]
[Result "1-0"]
[WhiteElo "2505"]
[BlackElo "2337"]
[PlyCount "63"]
[EventDate "2006.09.11"]

1. e4 d6 2. c4 Nf6 3. Nc3 e5 4. d4 Be7 5. Nf3 Nbd7 6. Be2 O-O 7. O-O c6 8. Rb1
a5 9. Re1 Qc7 10. Bf1 Re8 11. h3 exd4 12. Nxd4 Nc5 13. Bf4 Bf8 14. Qf3 Nfd7 15.
Qg3 Ne5 16. Rbd1 Qb6 17. Bc1 a4 18. Kh1 Qd8 19. f4 Ng6 20. Nf3 Qe7 21. h4 h5
22. f5 Ne5 23. Nxe5 dxe5 24. Be2 Rd8 25. f6 Qc7 26. Bxh5 Rxd1 27. Rxd1 Be6 28.
Bh6 g6 29. Bxf8 Rxf8 30. Qe3 Kh7 31. Qxc5 gxh5 32. Qxf8 1-0

[Event "XVI C.to Mondiale seniores"]
[Site "Arvier ITA"]
[Date "2006.09.20"]
[Round "9"]
[White "Veselsky, Jozef"]
[Black "Zaric, Srboljub"]
[Result "1-0"]
[WhiteElo "2169"]
[BlackElo "2241"]
[PlyCount "129"]
[EventDate "2006.09.11"]

1. d4 Nf6 2. Nf3 g6 3. c4 Bg7 4. Nc3 d5 5. Bg5 c6 6. e3 O-O 7. Qb3 e6 8. Be2
Nbd7 9. O-O Qb6 10. Qc2 dxc4 11. Bxc4 Re8 12. Rad1 Nd5 13. Ne4 f6 14. Bh4 Nf8
15. Bxd5 exd5 16. Nxf6+ Bxf6 17. Bxf6 Bg4 18. Be5 Ne6 19. e4 Rf8 20. exd5 cxd5
21. Qc3 Rac8 22. Qe3 Bxf3 23. gxf3 Rf7 24. Rd3 Rcf8 25. Rb3 Qd8 26. Bg3 Ng5 27.
f4 Nh3+ 28. Kh1 Qd7 29. Rc1 b6 30. Rbc3 Nxf4 31. Rc7 Qf5 32. Bxf4 Qxf4 33. Qxf4
Rxf4 34. Rxa7 Rxd4 35. Rc2 Rf7 36. Ra8+ Kg7 37. Rb8 Rf6 38. Kg2 Rg4+ 39. Kf1
Rd6 40. Rb7+ Kh6 41. Rcc7 Kg5 42. Rxh7 Rf4 43. Rhd7 Rff6 44. Rxd6 Rxd6 45. Re7
Kf6 46. Re3 d4 47. Re4 d3 48. Ke1 Rc6 49. Rb4 Kf5 50. h3 g5 51. a4 Rh6 52. Kd2
Rxh3 53. Rxb6 Rf3 54. a5 Rxf2+ 55. Kxd3 g4 56. Rb8 Rf3+ 57. Ke2 Ke4 58. a6 Rf7
59. Rb7 Rf6 60. a7 Ra6 61. b4 Ra2+ 62. Kf1 g3 63. Rf7 Kd5 64. b5 Kc5 65. Rb7
1-0

[Event "XVI C.to Mondiale seniores"]
[Site "Arvier ITA"]
[Date "2006.09.21"]
[Round "10"]
[White "Andersson, Kaj"]
[Black "Buxade Roca, Guillermo"]
[Result "0-1"]
[WhiteElo "2138"]
[BlackElo "2202"]
[PlyCount "58"]
[EventDate "2006.09.11"]

1. e4 c5 2. Nf3 Nc6 3. d4 cxd4 4. Nxd4 Nf6 5. Nc3 e5 6. Ndb5 d6 7. Bg5 a6 8.
Na3 h5 9. Nc4 Be6 10. Ne3 Rc8 11. Qd2 Nd4 12. Bd3 Be7 13. f4 Qa5 14. f5 Bd7 15.
O-O Nxe4 16. Bxe4 Bxg5 17. Rae1 O-O 18. Qd1 g6 19. fxg6 Bxe3+ 20. Rxe3 Bg4 21.
Rg3 Bxd1 22. gxf7+ Kh8 23. Rf6 Bg4 24. h3 Rxc3 25. bxc3 Ne2+ 26. Kh2 Nxg3 27.
Kxg3 Qxc3+ 28. Kh4 Qe1+ 29. Kg5 Qe3+ 0-1

[Event "XVI C.to Mondiale seniores"]
[Site "Arvier ITA"]
[Date "2006.09.21"]
[Round "10"]
[White "Arkhangelsky, Boris"]
[Black "Siegmund, Rainer"]
[Result "1/2-1/2"]
[WhiteElo "2395"]
[BlackElo "2154"]
[PlyCount "46"]
[EventDate "2006.09.11"]

1. c4 c5 2. Nf3 Nc6 3. d4 cxd4 4. Nxd4 g6 5. e4 Bg7 6. Be3 d6 7. Nc3 Bd7 8. Be2
Nf6 9. O-O O-O 10. Qd2 Nxd4 11. Bxd4 Bc6 12. f3 a6 13. b4 Ne8 14. b5 Bd7 15. a4
Bxd4+ 16. Qxd4 Ng7 17. Qe3 Be6 18. Rfc1 Qa5 19. Nd5 Bxd5 20. cxd5 axb5 21. Bxb5
Rfc8 22. Kf2 Qd8 23. Ke2 Nh5 1/2-1/2

[Event "XVI C.to Mondiale seniores"]
[Site "Arvier ITA"]
[Date "2006.09.21"]
[Round "10"]
[White "Boey, Josef Martin"]
[Black "Hvenekilde, Jorgen"]
[Result "1-0"]
[WhiteElo "2277"]
[BlackElo "2181"]
[PlyCount "81"]
[EventDate "2006.09.11"]

1. e4 e5 2. Nf3 d6 3. d4 exd4 4. Qxd4 Nc6 5. Bb5 Bd7 6. Bxc6 bxc6 7. Nc3 f6 8.
Be3 g6 9. O-O-O Nh6 10. h3 Nf7 11. Qc4 Bh6 12. Bxh6 Nxh6 13. Nd4 c5 14. Ne6 Qc8
15. Nf4 Rf8 16. Rhe1 Nf7 17. Ncd5 Ne5 18. Qc3 Rf7 19. Ne2 Bc6 20. f4 Nd7 21. g4
Kf8 22. h4 Bxd5 23. exd5 Kg8 24. Ng3 Rb8 25. h5 Rb4 26. hxg6 hxg6 27. Qe3 Nf8
28. a3 Rd4 29. Rxd4 cxd4 30. Qf3 Qa6 31. f5 g5 32. Qe4 d3 33. cxd3 c6 34. Nh5
c5 35. Qc4 Qc8 36. Qc3 Nd7 37. Re6 c4 38. d4 Nb6 39. Rxd6 Na4 40. Qa5 Nb6 41.
Nxf6+ 1-0

[Event "XVI C.to Mondiale seniores"]
[Site "Arvier ITA"]
[Date "2006.09.21"]
[Round "10"]
[White "Gabriel, Josef"]
[Black "Zhelesny, Stanislav"]
[Result "0-1"]
[WhiteElo "2204"]
[BlackElo "2235"]
[PlyCount "40"]
[EventDate "2006.09.11"]

1. c4 Nf6 2. Nc3 d5 3. cxd5 Nxd5 4. g3 c6 5. Bg2 g6 6. Nf3 Bg7 7. O-O O-O 8. h3
e5 9. Nxd5 cxd5 10. d3 Nc6 11. Qb3 e4 12. dxe4 dxe4 13. Rd1 Qb6 14. Qxb6 axb6
15. Nd2 Nd4 16. Kf1 Bf5 17. Bxe4 Bxh3+ 18. Ke1 Rfe8 19. Rb1 f5 20. Bd3 Rxe2+
0-1

[Event "XVI C.to Mondiale seniores"]
[Site "Arvier ITA"]
[Date "2006.09.21"]
[Round "10"]
[White "Gutzeit, Avraham"]
[Black "Malmdin, Nils Ake"]
[Result "1-0"]
[WhiteElo "2079"]
[BlackElo "2218"]
[PlyCount "67"]
[EventDate "2006.09.11"]

1. e4 d5 2. exd5 Nf6 3. Nf3 Nxd5 4. d4 g6 5. Be2 Bg7 6. O-O O-O 7. c3 Nc6 8. c4
Nb6 9. d5 Na5 10. Na3 c6 11. Qe1 Na4 12. Qb4 b5 13. cxb5 cxb5 14. Bxb5 Nc3 15.
bxc3 Rb8 16. Qf4 Bf5 17. Bd2 Qxd5 18. Qa4 a6 19. Be2 Bd7 20. Qh4 Bc6 21. Bh6
Bf6 22. Bg5 Bxc3 23. Rac1 Rb4 24. Qg3 Bf6 25. Nc2 Ra4 26. Bxa6 h5 27. Ne3 h4
28. Nxd5 hxg3 29. Nxf6+ exf6 30. Bxf6 gxh2+ 31. Kxh2 Bd7 32. Ne5 Be6 33. Kg3
Ra3+ 34. f3 1-0

[Event "XVI C.to Mondiale seniores"]
[Site "Arvier ITA"]
[Date "2006.09.21"]
[Round "10"]
[White "Jakobsen, Ole"]
[Black "Bukal, Vladimir sr"]
[Result "0-1"]
[WhiteElo "2387"]
[BlackElo "2414"]
[PlyCount "120"]
[EventDate "2006.09.11"]

1. d4 d5 2. Nf3 Nf6 3. c4 c6 4. Nc3 a6 5. a4 e6 6. g3 dxc4 7. Bg2 c5 8. dxc5
Qxd1+ 9. Nxd1 Nc6 10. Be3 Nd5 11. O-O Bd7 12. Nd2 Na5 13. Bd4 Rc8 14. e4 Nb4
15. Ne3 f6 16. e5 Bxc5 17. Bxc5 Rxc5 18. exf6 gxf6 19. Ne4 Rc7 20. Nxf6+ Ke7
21. Nxd7 Rxd7 22. Rfd1 Nd3 23. Rab1 Rhd8 24. Bf1 b5 25. axb5 axb5 26. Bxd3 Rxd3
27. Rxd3 Rxd3 28. Rd1 Rb3 29. Rd2 Nc6 30. Kf1 Ne5 31. Ke2 Nd3 32. Nd1 Kd6 33.
Kf3 Kd5 34. Kg4 Kd4 35. Kh5 b4 36. Kh6 Kc5 37. Kxh7 Nxb2 38. Nxb2 Rxb2 39. Rxb2
c3 40. Rb1 c2 41. Rc1 b3 42. g4 Kd4 43. Kh8 Kc3 44. g5 b2 45. Rxc2+ Kxc2 46. g6
b1=Q 47. g7 Qa1 48. Kh7 Qa7 49. Kg6 Qa8 50. Kf7 Qf3+ 51. Kxe6 Qg2 52. Kf7 Qxf2+
53. Kg6 Qg2+ 54. Kf7 Qd5+ 55. Kf6 Kd3 56. h4 Ke4 57. h5 Kf4 58. h6 Qg8 59. Kg6
Kg4 60. h7 Qe6# 0-1

[Event "XVI C.to Mondiale seniores"]
[Site "Arvier ITA"]
[Date "2006.09.21"]
[Round "10"]
[White "Johnsen, Gunnar"]
[Black "Ofstad, Per"]
[Result "0-1"]
[WhiteElo "2215"]
[BlackElo "2151"]
[PlyCount "66"]
[EventDate "2006.09.11"]

1. d4 e6 2. c4 f5 3. g3 Nf6 4. Bg2 Be7 5. Nf3 O-O 6. O-O d6 7. Nc3 Qe8 8. b3 a6
9. Qc2 Nc6 10. d5 exd5 11. cxd5 Ne5 12. Nd4 Qh5 13. f4 Neg4 14. h3 Nh6 15. e3
Bd7 16. Qd1 Qg6 17. Kh2 Rae8 18. Bd2 Bd8 19. Bf3 Qf7 20. Rc1 Ne4 21. Bxe4 fxe4
22. f5 Re5 23. g4 Rxd5 24. Nxd5 Qxd5 25. Be1 c5 26. Ne2 Qd3 27. Qxd3 exd3 28.
Nf4 Re8 29. Bd2 Nf7 30. a4 Ne5 31. Bc3 c4 32. bxc4 Nxc4 33. Nxd3 Nxe3 0-1

[Event "XVI C.to Mondiale seniores"]
[Site "Arvier ITA"]
[Date "2006.09.21"]
[Round "10"]
[White "Kaminik, Aleksandar"]
[Black "Klundt, Klaus"]
[Result "1/2-1/2"]
[WhiteElo "2226"]
[BlackElo "2380"]
[PlyCount "27"]
[EventDate "2006.09.11"]

1. d4 d5 2. c4 dxc4 3. Nf3 Nf6 4. e3 e6 5. Bxc4 c5 6. O-O a6 7. a4 Nc6 8. Qe2
cxd4 9. Rd1 Be7 10. exd4 O-O 11. Nc3 Nb4 12. Bg5 Bd7 13. Ne5 Bc6 14. Nxc6
1/2-1/2